| 000 | 00659nam a2200229Ia 4500 | ||
|---|---|---|---|
| 003 | OSt | ||
| 005 | 20220925221150.0 | ||
| 006 | a|||||r|||| 00| 0 | ||
| 007 | ta | ||
| 008 | 220923b |||||||| |||| 00| 0 eng d | ||
| 037 | _cGeneral Book | ||
| 040 |
_aRTL _cRTL _beng |
||
| 041 |
_2eng _aeng |
||
| 082 | _aX62.46.N8, M3 | ||
| 100 |
_aWilson Rodney _9105297 |
||
| 245 | 0 | _aBanking and finance in the Arab Middle East | |
| 260 |
_aLondon _bMacmillan UK _c1983 |
||
| 300 |
_axii, 208p. Appendix p 181-88 _ccm. |
||
| 650 |
_aOther Countries _9231018 |
||
| 942 |
_hX62.46.N8, M3 _cGB _2CC |
||
| 999 |
_c573459 _d573459 |
||